[Event "Online Olym Div3 D 2020"]
[Site "chess.com INT"]
[Date "2020.07.09"]
[Round "8.3"]
[Board "5"]
[White "Vasco, Mateus Felizardo Viageiro"]
[Black "Rodriguez Rosich, Carlos"]
[Result "1-0"]
[WhiteElo "1862"]
[BlackElo "1574"]
[WhiteTeam "Mozambique"]
[BlackTeam "Puerto Rico"]
[WhiteFideId "14800403"]
[BlackFideId "3104230"]
[EventDate "2020.07.07"]
[EventType "team"]

1. e4 c5 2. Nf3 d6 3. d4 cxd4 4. Nxd4 Nf6 5. Nc3 g6 6. Bc4 Bg7 7. O-O Nc6 8.
Nde2 O-O 9. Kh1 a6 10. a4 Bd7 11. f4 Rc8 12. Ba2 Nb4 13. Bb3 Bc6 14. Ng3 Nd7 15.
f5 Nc5 16. fxg6 hxg6 17. Qg4 Nxb3 18. cxb3 Nd3 19. Bd2 Ne5 20. Qh4 Qd7 21. h3
Qe6 22. b4 Bf6 23. Rxf6 exf6 24. b5 axb5 25. axb5 Bd7 26. Bh6 Rfd8 27. Nd5 g5
28. Qh5 Ng6 29. Rf1 Nf4 30. Rxf4 Rc1+ 31. Kh2 gxf4 32. Nf5 Rc2 33. Qg4+ Kh8 34.
Qg7# 1-0

[Event "Online Olym Div3 D 2020"]
[Site "chess.com INT"]
[Date "2020.07.09"]
[Round "8.3"]
[Board "6"]
[White "Richiez Guillen, Ciara Bernadette"]
[Black "Efentakis, Theodora"]
[Result "1-0"]
[WhiteElo "1417"]
[BlackElo "1147"]
[WhiteTeam "Puerto Rico"]
[BlackTeam "Mozambique"]
[WhiteFideId "6424643"]
[BlackFideId "14801078"]
[EventDate "2020.07.07"]
[EventType "team"]

1. d4 d5 2. c4 dxc4 3. e3 Nf6 4. Bxc4 Bf5 5. Nc3 Nc6 6. Nf3 e6 7. O-O Bd6 8. h3
h6 9. Re1 O-O 10. e4 Bxe4 11. Nxe4 Nxe4 12. Rxe4 Qf6 13. d5 exd5 14. Bxd5 Rfe8
15. Rxe8+ Rxe8 16. Rb1 Qf5 17. Be3 Kf8 18. Nh4 Qe5 19. g3 a6 20. Qf3 Qf6 21.
Qxf6 gxf6 22. Bxh6+ Ke7 23. Nf5+ Kd7 24. Nxd6 cxd6 25. Bxf7 Re7 26. Bg6 Ne5 27.
Bf5+ Kd8 28. Rd1 Kc7 29. Bf4 Re8 30. Bxe5 fxe5 31. h4 Kc6 32. Be4+ Kc5 33. Rd5+
Kc6 34. Rxe5+ Kd7 35. Rxe8 Kxe8 36. Bxb7 Ke7 37. Bxa6 d5 38. Kf1 Ke6 39. Ke2 Ke5
40. h5 Kf6 41. g4 Kg7 42. g5 Kh7 43. b4 d4 44. b5 d3+ 45. Kxd3 Kg7 46. b6 Kh7
47. b7 Kg7 48. b8=Q Kh7 49. Qc7+ Kh8 50. h6 Kg8 51. Qg7# 1-0

[Event "Online Olym Div3 D 2020"]
[Site "chess.com INT"]
[Date "2020.07.09"]
[Round "8.4"]
[Board "1"]
[White "Henriquez Villagra, Cristobal"]
[Black "Hoffman, Alejandro"]
[Result "1-0"]
[WhiteTitle "GM"]
[BlackTitle "GM"]
[WhiteElo "2600"]
[BlackElo "2474"]
[WhiteTeam "Chile"]
[BlackTeam "Uruguay"]
[WhiteFideId "3409350"]
[BlackFideId "100340"]
[EventDate "2020.07.07"]
[EventType "team"]

1. e4 c5 2. Nf3 Nc6 3. Nc3 g6 4. d4 cxd4 5. Nxd4 Bg7 6. Be3 Nf6 7. Bc4 Qa5 8.
O-O O-O 9. Bb3 d6 10. h3 Bd7 11. Qf3 Rac8 12. Rad1 a6 13. Nd5 Nxd5 14. exd5 Ne5
15. Qe2 b5 16. Rfe1 Rfe8 17. c3 Nc4 18. Bc1 Qb6 19. a3 Qc5 20. Qf3 Bf6 21. Re2
a5 22. Nc2 Bf5 23. Ne3 Nxe3 24. Bxe3 Qc7 25. g4 Bd7 26. Bd4 Kg7 27. Rxe7 1-0

[Event "Online Olym Div3 D 2020"]
[Site "chess.com INT"]
[Date "2020.07.09"]
[Round "8.4"]
[Board "2"]
[White "Roselli Mailhe, Bernardo"]
[Black "Salinas Herrera, Pablo"]
[Result "0-1"]
[WhiteTitle "IM"]
[BlackTitle "GM"]
[WhiteElo "2429"]
[BlackElo "2514"]
[WhiteTeam "Uruguay"]
[BlackTeam "Chile"]
[WhiteFideId "3000028"]
[BlackFideId "3407128"]
[EventDate "2020.07.07"]
[EventType "team"]

1. d4 d5 2. c4 e6 3. Nc3 Nf6 4. Bg5 c6 5. e3 Nbd7 6. cxd5 exd5 7. Bd3 Be7 8.
Nge2 Nh5 9. Bxe7 Qxe7 10. g4 Nhf6 11. h3 Nb6 12. Qc2 g6 13. O-O-O Be6 14. Kb1
O-O-O 15. Nc1 Kb8 16. Nb3 h5 17. f3 hxg4 18. hxg4 Bc8 19. Qf2 Ka8 20. Rde1 Rde8
21. Rxh8 Rxh8 22. e4 dxe4 23. Nxe4 Nfd5 24. Nec5 Qd6 25. Qd2 Qg3 26. a4 Rh2 27.
Re2 Rh1+ 28. Nc1 Kb8 29. a5 Nd7 30. Re8 Nxc5 31. dxc5 Qxf3 32. Be4 Qd1 33. Qxd1
Rxd1 34. Kc2 Ne3+ 35. Kb1 Nxg4 36. a6 Nf6 37. Bf3 Rxc1+ 0-1

[Event "Online Olym Div3 D 2020"]
[Site "chess.com INT"]
[Date "2020.07.09"]
[Round "8.4"]
[Board "3"]
[White "Abarca Gonzalez, Damaris"]
[Black "de Leon, Patricia"]
[Result "0-1"]
[WhiteTitle "WFM"]
[BlackTitle "WFM"]
[WhiteElo "2047"]
[BlackElo "2004"]
[WhiteTeam "Chile"]
[BlackTeam "Uruguay"]
[WhiteFideId "3409414"]
[BlackFideId "3000273"]
[EventDate "2020.07.07"]
[EventType "team"]

1. e4 e6 2. d4 d5 3. Bd3 dxe4 4. Bxe4 Nf6 5. Bf3 c5 6. Ne2 Be7 7. Be3 Qb6 8.
Nbc3 O-O 9. O-O Na6 10. Na4 Qa5 11. Nxc5 Nxc5 12. dxc5 Bxc5 13. Bxc5 Qxc5 14.
Qd3 Rb8 15. Rfd1 b6 16. Nc3 Bb7 17. Bxb7 Rxb7 18. Qd6 Qf5 19. Qd3 Qc5 20. Qf3
Rbb8 21. Rd2 b5 22. Rad1 a5 23. h3 h6 24. Ne4 Nxe4 25. Qxe4 b4 26. Qd4 Qb5 27.
Rd3 Qa4 28. Rg3 g6 29. Qd3 Kh7 30. b3 Qxa2 31. Rf3 Qb2 32. Qd7 Kg7 33. Rd2 Qe5
34. Re3 Qf6 35. Qa4 Ra8 36. Rd7 Qf5 37. Qa1+ Kg8 38. Qd1 Rac8 39. Red3 h5 40.
Rd8 Rfxd8 41. Rxd8+ Rxd8 42. Qxd8+ Kg7 43. Qxa5 Qxa5 0-1

[Event "Online Olym Div3 D 2020"]
[Site "chess.com INT"]
[Date "2020.07.09"]
[Round "8.4"]
[Board "4"]
[White "Roepke, Sofia"]
[Black "Fuentes Inzunza, Lesly"]
[Result "1/2-1/2"]
[BlackTitle "WFM"]
[WhiteElo "1589"]
[BlackElo "1840"]
[WhiteTeam "Uruguay"]
[BlackTeam "Chile"]
[WhiteFideId "3006360"]
[BlackFideId "3408205"]
[EventDate "2020.07.07"]
[EventType "team"]

1. e4 c6 2. d4 d5 3. exd5 cxd5 4. Bd3 Nc6 5. c3 Qc7 6. h3 Nf6 7. Nf3 g6 8. O-O
Bg7 9. Na3 a6 10. Nc2 O-O 11. Nce1 Re8 12. Bc2 e5 13. dxe5 Nxe5 14. Nxe5 Qxe5
15. Nf3 Qh5 16. Nd4 Bd7 17. Qxh5 Nxh5 18. Be3 Rac8 19. Bb3 Bc6 20. Rad1 Nf6 21.
Rd3 Ne4 22. Rfd1 Nc5 23. R3d2 Nxb3 24. axb3 f5 25. Ne2 Re4 26. g3 Rce8 27. Nd4
Kf7 28. Kf1 h6 29. b4 Kg8 30. Kg2 Kh7 31. Kf1 h5 32. Kg2 Bh6 33. Bxh6 Kxh6 34.
f3 Re3 35. Kf2 Kg5 36. h4+ Kf6 37. Re2 Rxe2+ 38. Nxe2 Rd8 39. Nf4 Rd7 40. Ke3
Re7+ 41. Kd4 Re5 42. Nxg6 Re2 43. Nf4 Rxb2 44. Nxh5+ Kg6 45. Nf4+ Kf6 46. Nxd5+
Bxd5 47. Kxd5 Rg2 48. c4 Rxg3 49. f4 Rg4 50. Rh1 Rxf4 51. h5 Re4 52. h6 Re8 53.
h7 Rh8 54. c5 Rd8+ 55. Kc4 Rh8 56. Kd5 Rd8+ 57. Kc4 Rh8 58. b5 axb5+ 59. Kxb5 f4
60. Kb6 f3 61. Rf1 Rxh7 62. Rxf3+ Ke6 63. Rd3 Rg7 64. Rd6+ Ke5 65. Ka7 Rc7 66.
Kb6 Rh7 67. Rd8 Ke6 68. Rb8 Kd5 69. Rc8 Rg7 70. Rd8+ Ke6 71. Rd6+ Ke5 72. Rd1
Ke6 73. Ka7 Rc7 74. Rd6+ Ke5 75. Kb6 Rh7 76. Rd8 Ke6 77. Rb8 Kd5 78. Rd8+ Ke6 1/2-1/2

[Event "Online Olym Div3 D 2020"]
[Site "chess.com INT"]
[Date "2020.07.09"]
[Round "8.4"]
[Board "5"]
[White "Donoso Diaz, Sebastian"]
[Black "Suarez, Pedro"]
[Result "1-0"]
[WhiteTitle "FM"]
[BlackTitle "CM"]
[WhiteElo "2192"]
[BlackElo "2070"]
[WhiteTeam "Chile"]
[BlackTeam "Uruguay"]
[WhiteFideId "3416097"]
[BlackFideId "3007642"]
[EventDate "2020.07.07"]
[EventType "team"]

1. Nf3 Nf6 2. c4 g6 3. Nc3 Bg7 4. e4 d6 5. d4 O-O 6. h3 e5 7. d5 Nh5 8. g3 Na6
9. Nh2 Nc5 10. b4 Nd7 11. Be2 a5 12. Bxh5 axb4 13. Nb1 gxh5 14. Qxh5 b3 15. Nc3
f5 16. exf5 e4 17. Bd2 Nc5 18. O-O Rxf5 19. Qe2 Rf7 20. axb3 Rxa1 21. Rxa1 Nxb3
22. Ra8 Re7 23. Nb5 Qf8 24. Be3 b6 25. Qh5 Nc5 26. Qg5 Re5 27. Qh4 Re7 28. Rxc8
Qxc8 29. Qxe7 Na6 30. Ng4 1-0

[Event "Online Olym Div3 D 2020"]
[Site "chess.com INT"]
[Date "2020.07.09"]
[Round "8.4"]
[Board "6"]
[White "Malan, Lucia"]
[Black "Gomez Barrera, Javiera Belen"]
[Result "1/2-1/2"]
[WhiteTitle "WCM"]
[BlackTitle "WIM"]
[WhiteElo "1741"]
[BlackElo "2083"]
[WhiteTeam "Uruguay"]
[BlackTeam "Chile"]
[WhiteFideId "3007570"]
[BlackFideId "3418723"]
[EventDate "2020.07.07"]
[EventType "team"]

1. e4 e5 2. Nf3 Nc6 3. Bb5 a6 4. Ba4 Nf6 5. O-O b5 6. Bb3 Bb7 7. Re1 Be7 8. d4
Nxd4 9. Bxf7+ Kxf7 10. Nxe5+ Kg8 11. Qxd4 c5 12. Qd3 Qe8 13. Nc3 d6 14. Nf3 Rd8
15. Nd5 1/2-1/2

[Event "Online Olym Div3 D 2020"]
[Site "chess.com INT"]
[Date "2020.07.09"]
[Round "8.5"]
[Board "1"]
[White "Ynojosa Aponte, Felix Jose"]
[Black "Zambrana, Oswaldo"]
[Result "1-0"]
[WhiteTitle "IM"]
[BlackTitle "GM"]
[WhiteElo "2393"]
[BlackElo "2438"]
[WhiteTeam "Venezuela"]
[BlackTeam "Bolivia"]
[WhiteFideId "3900258"]
[BlackFideId "3300200"]
[EventDate "2020.07.07"]
[EventType "team"]

1. e4 c5 2. c3 d5 3. exd5 Qxd5 4. d4 Nc6 5. Nf3 cxd4 6. cxd4 e5 7. Nc3 Bb4 8.
Be3 exd4 9. Nxd4 Nf6 10. Be2 O-O 11. O-O Bxc3 12. bxc3 Ne5 13. Qb3 b6 14. c4 Qe4
15. Rfe1 Bb7 16. Bf1 Rad8 17. Rad1 Qh4 18. Nf5 Qg4 19. Ng3 h5 20. Rxd8 Rxd8 21.
h3 Qg6 22. Bf4 Nc6 23. Rd1 h4 24. Rxd8+ Nxd8 25. Bd3 Ne4 26. Nxe4 Bxe4 27. Bf1
Ne6 28. Be3 Ng5 29. Bxg5 Qxg5 30. Qa3 a5 31. Qb3 Qc5 32. Qd1 g5 33. Qd2 Kg7 34.
Kh1 Qf5 35. Qd4+ f6 36. Qxb6 Qxh3+ 37. Kg1 Qf5 38. c5 h3 39. Qc7+ Kg6 40. gxh3
Qf3 41. Qh2 a4 42. Qg2 Qf4 43. Qg4 Qe5 44. Bb5 a3 45. Ba4 Qa1+ 46. Bd1 f5 47.
Qe2 Qc3 48. Qh5+ Kf6 49. Qh8+ 1-0

[Event "Online Olym Div3 D 2020"]
[Site "chess.com INT"]
[Date "2020.07.09"]
[Round "8.5"]
[Board "2"]
[White "Gemy, Jose Daniel"]
[Black "Martinez Reyes, Pedro Ramon"]
[Result "1/2-1/2"]
[WhiteTitle "IM"]
[BlackTitle "FM"]
[WhiteElo "2380"]
[BlackElo "2422"]
[WhiteTeam "Bolivia"]
[BlackTeam "Venezuela"]
[WhiteFideId "3301478"]
[BlackFideId "3901807"]
[EventDate "2020.07.07"]
[EventType "team"]

1. e4 e6 2. d4 d5 3. Nd2 Nf6 4. e5 Nfd7 5. f4 c5 6. c3 Nc6 7. Ndf3 Qa5 8. a3
cxd4 9. b4 Qc7 10. cxd4 Nb6 11. Qc2 Qd8 12. Bd3 Bd7 13. Ne2 g6 14. O-O a6 15.
Be3 Na7 16. g4 Qc8 17. Qb1 Bb5 18. f5 Bxd3 19. Qxd3 exf5 20. gxf5 Qxf5 21. Qb3
Be7 22. Ng3 Qg4 23. Kg2 Nc4 24. h3 Qd7 25. Ng5 O-O 26. Rxf7 Nxe3+ 27. Qxe3 Bxg5
28. Rxf8+ Rxf8 29. Qxg5 Qa4 30. Rf1 Qc2+ 31. Kg1 Rxf1+ 32. Nxf1 Nc6 33. Qf4 Qd1
34. e6 Qxd4+ 35. Qe3 Kf8 36. Kg2 Qxe3 37. Nxe3 Ke7 38. Nxd5+ Kxe6 39. Ne3 Ke5
40. Nc4+ Kd5 41. Nb6+ Kd4 42. Nd7 b5 43. Nc5 Kc4 44. Nxa6 Kb3 45. Nc7 Na7 46.
Kf3 Kxa3 47. Nd5 Kb3 48. Kf4 Kc4 49. Nc7 h6 50. Ke5 Nc6+ 51. Kf6 g5 52. Kg6 Ne5+
53. Kxh6 Nf3 54. Kh5 Kxb4 55. Kg4 Ng1 56. Nxb5 Nxh3 57. Kxh3 Kxb5 58. Kg4 Kb6
59. Kxg5 1/2-1/2

[Event "Online Olym Div3 D 2020"]
[Site "chess.com INT"]
[Date "2020.07.09"]
[Round "8.5"]
[Board "3"]
[White "Rovira Contreras, Tairu Manuela"]
[Black "Cordero, Daniela"]
[Result "1-0"]
[WhiteTitle "WIM"]
[BlackTitle "WIM"]
[WhiteElo "2058"]
[BlackElo "2010"]
[WhiteTeam "Venezuela"]
[BlackTeam "Bolivia"]
[WhiteFideId "3900533"]
[BlackFideId "3301630"]
[EventDate "2020.07.07"]
[EventType "team"]

1. d4 e6 2. c4 f5 3. g3 Nf6 4. Bg2 c6 5. Nh3 d6 6. O-O Be7 7. Nc3 O-O 8. e4 fxe4
9. Nxe4 Qe8 10. Nf4 e5 11. dxe5 dxe5 12. Nd3 Bf5 13. Re1 Nbd7 14. b4 Qg6 15. f3
Nxe4 16. fxe4 Bg4 17. Qb3 Bf3 18. Bb2 Bxg2 19. Kxg2 Qh5 20. c5+ Kh8 21. Qd1 Qg5
22. h4 Qg6 23. Kh2 Bf6 24. Qe2 Rad8 25. Nf2 h5 26. Rad1 Rf7 27. Nh3 Rdf8 28. Rf1
Nb8 29. Bc1 b6 30. cxb6 axb6 31. Bg5 Nd7 32. Rd6 c5 33. b5 Qh7 34. Bxf6 gxf6 35.
Rfd1 Rg7 36. Nf2 Rfg8 37. Nh1 f5 38. Qd2 Nf8 39. Rh6 f4 40. Rxh7+ Nxh7 41. Rg1
Rg4 42. Qd5 fxg3+ 43. Rxg3 Rxh4+ 44. Kg2 Rxg3+ 45. Nxg3 1-0

[Event "Online Olym Div3 D 2020"]
[Site "chess.com INT"]
[Date "2020.07.09"]
[Round "8.5"]
[Board "4"]
[White "Estrada, Lucia"]
[Black "Patino Garcia, Corals"]
[Result "0-1"]
[WhiteTitle "WIM"]
[BlackTitle "WFM"]
[WhiteElo "1888"]
[BlackElo "1921"]
[WhiteTeam "Bolivia"]
[BlackTeam "Venezuela"]
[WhiteFideId "3301923"]
[BlackFideId "3902781"]
[EventDate "2020.07.07"]
[EventType "team"]

1. d4 e6 2. e3 b6 3. Nf3 Bb7 4. Bd3 f5 5. O-O Nf6 6. b3 Be7 7. Bb2 O-O 8. Nbd2
Ne4 9. c4 d6 10. Qc2 d5 11. Ne5 Nd7 12. Ndf3 Ndf6 13. Ne1 Rc8 14. f3 Ng5 15. Qf2
c5 16. Rc1 cxd4 17. exd4 Nf7 18. Qe2 Nxe5 19. dxe5 Nd7 20. cxd5 Bxd5 21. Bc4 Nc5
22. Bxd5 Qxd5 23. Rd1 Qb7 24. Nc2 Rfd8 25. Nd4 a5 26. Rd2 Rd5 27. Rfd1 Rcd8 28.
a3 Qd7 29. b4 axb4 30. axb4 Na4 31. Ba1 Bxb4 32. Rd3 Nc5 33. f4 Nxd3 34. Rxd3
Bc5 0-1

[Event "Online Olym Div3 D 2020"]
[Site "chess.com INT"]
[Date "2020.07.09"]
[Round "8.5"]
[Board "5"]
[White "Salazar Olchowski, Gabriel Anton"]
[Black "Bolanos, Fernando"]
[Result "1-0"]
[WhiteTitle "FM"]
[BlackTitle "CM"]
[WhiteElo "2159"]
[BlackElo "2287"]
[WhiteTeam "Venezuela"]
[BlackTeam "Bolivia"]
[WhiteFideId "3920747"]
[BlackFideId "3304094"]
[EventDate "2020.07.07"]
[EventType "team"]

1. e4 c5 2. Nf3 Nc6 3. d4 cxd4 4. Nxd4 Nf6 5. Nc3 e6 6. a3 a6 7. f4 d6 8. Be3
Be7 9. Be2 O-O 10. O-O Qc7 11. Kh1 Nxd4 12. Bxd4 b5 13. Qe1 Bb7 14. Qg3 d5 15.
exd5 exd5 16. Rae1 Rad8 17. Bd3 Kh8 18. Re5 Bc5 19. Ne2 Bxd4 20. Nxd4 Bc8 21.
Qh4 h6 22. Rfe1 Qb6 23. c3 Qd6 24. Bf5 Ng8 25. Bxc8 Rxc8 26. Nf5 Qd8 27. Qg4 g6
28. Ne3 Nf6 29. Qf3 d4 30. cxd4 Qxd4 31. Ng4 Nxg4 32. Qxg4 Qxb2 33. f5 Rc6 34.
Qe4 Kg7 35. Qxc6 Qxa3 36. f6+ Kh7 37. Qc5 Qxc5 38. Rxc5 g5 39. Ra1 Ra8 40. Ra5
Kg6 41. Rc6 Rd8 42. h3 h5 43. Rcxa6 Rb8 44. Ra3 g4 45. Rb3 b4 46. Kh2 Kg5 47.
hxg4 hxg4 48. Kg3 Rd8 49. Rb6 Rd2 50. R6xb4 Kxf6 51. Rxg4 Ra2 52. Rf3+ Ke7 53.
Re4+ Kf8 54. Ref4 Ra7 55. Rf6 Kg7 56. Kg4 Ra4+ 57. R3f4 Ra5 58. g3 Ra3 59. Rxf7+
Kg8 60. Rb7 Ra6 61. Kg5 Ra5+ 62. Rf5 Ra6 63. Rc5 Ra8 64. Rcc7 Ra5+ 65. Kf6 Ra6+
66. Ke5 Ra8 67. g4 Kh8 68. Rb6 Kg8 69. Rbc6 Ra1 70. Kf6 Rg1 71. Rg7+ 1-0

[Event "Online Olym Div3 D 2020"]
[Site "chess.com INT"]
[Date "2020.07.09"]
[Round "8.5"]
[Board "6"]
[White "Monroy G., Nataly A."]
[Black "Alvarado Arcila, Marvia Josefina"]
[Result "1-0"]
[WhiteTitle "WIM"]
[BlackTitle "WFM"]
[WhiteElo "1957"]
[BlackElo "1967"]
[WhiteTeam "Bolivia"]
[BlackTeam "Venezuela"]
[WhiteFideId "3304019"]
[BlackFideId "3909034"]
[EventDate "2020.07.07"]
[EventType "team"]

1. d4 d5 2. Nf3 Nf6 3. c4 dxc4 4. e3 e6 5. Bxc4 c5 6. O-O Nc6 7. dxc5 Qxd1 8.
Rxd1 Bxc5 9. a3 a6 10. b4 Be7 11. Bb2 b5 12. Be2 Bb7 13. Nc3 O-O 14. Nd4 Ne5 15.
Rac1 Rac8 16. Nb1 Nc4 17. Bxc4 bxc4 18. Nd2 Bd5 19. f3 a5 20. e4 axb4 21. exd5
c3 22. Ba1 cxd2 23. Rb1 Nxd5 24. axb4 Bxb4 25. Kf2 Rc4 26. Nb3 Rc2 27. Nd4 Bc5
28. Ke2 Nf4+ 29. Kf1 Rc8 30. Nxc2 Nd5 31. Rxd2 1-0

[Event "Online Olym Div3 D 2020"]
[Site "chess.com INT"]
[Date "2020.07.09"]
[Round "9.1"]
[Board "1"]
[White "Gemy, Jose Daniel"]
[Black "Zaibi, Amir"]
[Result "1-0"]
[WhiteTitle "IM"]
[BlackTitle "GM"]
[WhiteElo "2380"]
[BlackElo "2383"]
[WhiteTeam "Bolivia"]
[BlackTeam "Tunisia"]
[WhiteFideId "3301478"]
[BlackFideId "5500796"]
[EventDate "2020.07.07"]
[EventType "team"]

1. e4 c5 2. Nf3 e6 3. c3 d5 4. exd5 exd5 5. d4 Nc6 6. Bb5 Bd6 7. O-O Ne7 8. Nbd2
cxd4 9. Nxd4 a6 10. Nxc6 bxc6 11. Bd3 O-O 12. h3 Bf5 13. Nf3 Qd7 14. Re1 Rfe8
15. Bf1 Be4 16. Ng5 Bg6 17. Bd3 Nf5 18. Rxe8+ Rxe8 19. Bxa6 Bc5 20. Qd2 Ng3 21.
b4 Ba7 22. Kh2 Ne4 23. Nxe4 Rxe4 24. Bd3 Bb8+ 25. Kg1 Qd6 26. g3 Qe6 27. Bxe4
Bxe4 28. Kh2 Qf5 29. Qe2 h5 30. Be3 Be5 31. Bd4 Bd6 32. a4 Bf3 33. Qe3 h4 34. a5
g5 35. a6 g4 36. a7 hxg3+ 37. fxg3 Qh5 38. a8=Q+ Bf8 39. Qxf8+ Kxf8 40. Ra8# 1-0

[Event "Online Olym Div3 D 2020"]
[Site "chess.com INT"]
[Date "2020.07.09"]
[Round "9.1"]
[Board "2"]
[White "Meftahi, Houssem"]
[Black "Vera, Pavel"]
[Result "1-0"]
[WhiteTitle "IM"]
[WhiteElo "2117"]
[BlackElo "2042"]
[WhiteTeam "Tunisia"]
[BlackTeam "Bolivia"]
[WhiteFideId "5501660"]
[BlackFideId "3304779"]
[EventDate "2020.07.07"]
[EventType "team"]

1. e4 c5 2. Nf3 Nc6 3. d4 cxd4 4. Nxd4 Nf6 5. Nc3 e5 6. Ndb5 d6 7. Bg5 a6 8.
Bxf6 gxf6 9. Na3 b5 10. Nd5 Bg7 11. c3 Ne7 12. Nc2 Bb7 13. Nce3 O-O 14. Nxe7+
Kh8 15. N7d5 Bxd5 16. Qxd5 Qb6 17. Be2 b4 18. c4 b3 19. a3 Rac8 20. O-O Rc5 21.
Qd3 Rg8 22. Rad1 Bf8 23. Nd5 Qd8 24. Qxb3 f5 25. Qf3 f4 26. b4 Rc8 27. Qh5 Rg7
28. Rc1 Be7 29. Rfd1 Bg5 30. Bf3 Rg6 31. c5 f5 32. exf5 Rh6 33. Qf7 e4 34. Bxe4
f3 35. f6 Qg8 36. Qxg8+ Rxg8 37. Bxf3 Bxc1 38. Rxc1 dxc5 39. bxc5 Rh4 40. c6 Re8
41. g3 Rd4 42. c7 Kg8 43. c8=Q Rxc8 44. Rxc8+ Kf7 45. Rc7+ Kf8 46. Bh5 Rxd5 47.
Rc8+ Rd8 48. Rxd8# 1-0

[Event "Online Olym Div3 D 2020"]
[Site "chess.com INT"]
[Date "2020.07.09"]
[Round "9.1"]
[Board "3"]
[White "Cordero, Daniela"]
[Black "Miladi, Amen"]
[Result "1-0"]
[WhiteTitle "WIM"]
[BlackTitle "WFM"]
[WhiteElo "2010"]
[BlackElo "1784"]
[WhiteTeam "Bolivia"]
[BlackTeam "Tunisia"]
[WhiteFideId "3301630"]
[BlackFideId "5503779"]
[EventDate "2020.07.07"]
[EventType "team"]

1. d4 Nf6 2. Nf3 g6 3. Bf4 Bg7 4. Nc3 O-O 5. e4 d5 6. e5 Ne4 7. Bd3 f5 8. exf6
exf6 9. O-O f5 10. Be5 b6 11. Bxg7 Kxg7 12. Ne5 c5 13. Bxe4 dxe4 14. dxc5 bxc5
15. Qxd8 Rxd8 16. Rfd1 Re8 17. Nc4 Nc6 18. Nb5 Rb8 19. Nbd6 Rd8 20. Rd5 Be6 21.
Rxc5 Bxc4 22. Nxc4 Nb4 23. c3 Nd3 24. Rc7+ Kg8 25. b3 a6 26. g3 Rdc8 27. Rxc8+
Rxc8 28. Kf1 Kg7 29. Ke2 Kf6 30. f3 Re8 31. fxe4 fxe4 32. Ke3 Ne5 33. Rf1+ Ke6
34. Nxe5 Kxe5 35. Rf4 Kd5 36. c4+ Kc5 37. Rxe4 Rd8 38. a3 Rd1 39. b4+ Kc6 40.
Re6+ Kd7 41. Rxa6 Rh1 42. h4 Rh3 43. Kf4 1-0

[Event "Online Olym Div3 D 2020"]
[Site "chess.com INT"]
[Date "2020.07.09"]
[Round "9.1"]
[Board "4"]
[White "Hwass, Zaineb"]
[Black "Molina, Jessica"]
[Result "1/2-1/2"]
[WhiteTitle "WCM"]
[BlackTitle "WFM"]
[WhiteElo "1408"]
[BlackElo "1834"]
[WhiteTeam "Tunisia"]
[BlackTeam "Bolivia"]
[WhiteFideId "5504643"]
[BlackFideId "3303888"]
[EventDate "2020.07.07"]
[EventType "team"]

1. d4 e6 2. Bf4 d5 3. e3 Nf6 4. Nf3 Nbd7 5. c3 b6 6. h3 Bb7 7. Bb5 c6 8. Bd3 Be7
9. Nbd2 c5 10. O-O Ne4 11. Bxe4 dxe4 12. Nh2 Nf6 13. Ng4 Nd5 14. Bg3 f5 15. Qa4+
Qd7 16. Qxd7+ Kxd7 17. Ne5+ Ke8 18. Nb3 g5 19. dxc5 bxc5 20. c4 Nb4 21. a3 Nd3
22. Nxd3 exd3 23. Rfd1 Rd8 24. Rd2 Ba6 25. Na5 h5 26. Nc6 Ra8 27. Ne5 Bf6 28. b3
Rd8 29. Rad1 h4 30. Bh2 Bxe5 31. Bxe5 Rh7 32. Rxd3 Rhd7 33. Rxd7 Rxd7 34. Rxd7
Kxd7 35. Bf6 g4 36. Bxh4 Bb7 37. hxg4 fxg4 38. Bg3 Be4 39. b4 cxb4 40. axb4 Bd3
41. c5 Kc6 42. f3 gxf3 43. gxf3 Kb5 44. Be1 a5 45. bxa5 Kxc5 46. a6 Bxa6 47. Kg2
Kc4 48. Kg3 Bb7 49. Kg4 Kd3 50. Bf2 Ke2 51. Bg1 Bxf3+ 52. Kf4 Bd5 53. Bh2 Kf2
54. Bg3+ Ke2 55. Bh4 Kd3 56. Bf2 Bc4 57. Bg1 Ke2 58. Bh2 Kf2 59. Bg3+ Ke2 60.
Bh4 Bd5 61. Bg3 Kd3 62. Bf2 Be4 63. Bg3 Bf5 64. Bf2 Ke2 65. Bg3 Kf1 66. Bh4 Kg2
67. e4 Bxe4 68. Kxe4 Kh3 69. Ke5 Kxh4 70. Kxe6 1/2-1/2

[Event "Online Olym Div3 D 2020"]
[Site "chess.com INT"]
[Date "2020.07.09"]
[Round "9.1"]
[Board "5"]
[White "Titichoca Daza, Daniel"]
[Black "Boulaares, Adam"]
[Result "1-0"]
[WhiteTitle "CM"]
[WhiteElo "2090"]
[BlackElo "1861"]
[WhiteTeam "Bolivia"]
[BlackTeam "Tunisia"]
[WhiteFideId "3309550"]
[BlackFideId "5508657"]
[EventDate "2020.07.07"]
[EventType "team"]

1. c4 e6 2. Nf3 Nf6 3. b3 d5 4. Bb2 Be7 5. e3 O-O 6. Nc3 c5 7. g3 Nc6 8. Bg2 d4
9. exd4 cxd4 10. Ne2 e5 11. O-O Bd7 12. a3 Bd6 13. d3 Qc8 14. Re1 Bh3 15. Bh1
Qf5 16. Nh4 Qh5 17. Nc1 Bg4 18. f3 Bd7 19. b4 Ne7 20. Nb3 g5 21. Ng2 Bc6 22. Rf1
b6 23. Qe2 Kh8 24. Qf2 Rad8 25. Rae1 Rg8 26. c5 Bc7 27. Nxd4 Rg6 28. Nxc6 Nxc6
29. Ne3 bxc5 30. bxc5 Rb8 31. Ba1 Rb3 32. Bg2 Rh6 33. h3 Rxd3 34. Rd1 Rxa3 35.
Nf5 Rg6 36. Bb2 Ra2 37. Ra1 Rxa1 38. Rxa1 Rg8 39. Re1 Qg6 40. Ne3 Rb8 41. Ba1
Qd3 42. Bf1 Qa3 43. Qc2 Nd4 44. Qf2 Rb3 45. Bxd4 exd4 46. Nc4 Qxc5 47. Qd2 Rxf3
48. Bg2 Rxg3 49. Nb2 Qc3 50. Qf2 Bf4 51. Nd1 Qd2 52. Qxd2 Bxd2 53. Re7 Be3+ 54.
Kf1 Nh5 55. Rxf7 Nf4 56. Be4 Rxh3 57. Rxa7 Rg3 58. Rxh7+ Kg8 59. Rh1 Kg7 60. Nf2
Bxf2 61. Kxf2 Re3 62. Bf5 Kf6 63. Bh7 Re2+ 64. Kf3 Re3+ 65. Kg4 Rg3+ 66. Kxg3
Ke5 67. Re1+ Kd5 68. Kg4 Ng2 69. Be4+ Kc4 70. Bxg2 Kc3 71. Kxg5 d3 72. Bf3 d2
73. Rg1 Kc2 74. Kf4 1-0